Statistiques concernant Un lieu, un département

Cliquez ici pour prendre le quiz!

Statistiques générales

  • Ce quiz a été pris 92 fois
  • Le résultat moyen est 9 sur 12

Statistiques - réponses

Réponse% Correct
Paris
100%
Gironde
88%
Haute Savoie
80%
Yvelines
78%
Seine Maritime
75%
Puy de Dome
74%
Bouches du Rhone
72%
Loir et Cher
72%
Dordogne
71%
Aveyron
70%
Martinique
69%
Marne
58%

Distribution des résultats

Percentile par nombre de réponses

% des personnes avec chaque résultat

Votre développement - résultats

Vous n’avez pas pris ce quiz